Como yo los he visto (Record no. 14602)

MARC details
000 -LEADER
campo de control de longitud fija 00986nam a2200265 i 4500
001 - NÚMERO DE CONTROL
campo de control 14602
003 - IDENTIFICADOR DE NÚMERO DE CONTROL
campo de control ES-MaACL
005 - FECHA Y HORA DE LA ÚLTIMA TRANSACCIÓN
campo de control 20231218195838.0
007 - CAMPO FIJO DE DESCRIPCIÓN FÍSICA--INFORMACIÓN GENERAL
campo de control de longitud fija t|
008 - DATOS DE LONGITUD FIJA--INFORMACIÓN GENERAL
campo de control de longitud fija 990429s1998 sp ||||1|dspa d
020 ## - NÚMERO INTERNACIONAL ESTÁNDAR DEL LIBRO
Número Internacional Estándar del Libro 84-03-59503-4
080 ## - NÚMERO DE LA CLASIFICACIÓN DECIMAL UNIVERSAL
Número de la Clasificación Decimal Universal 929:821.134.2"19"(089.3)
080 ## - NÚMERO DE LA CLASIFICACIÓN DECIMAL UNIVERSAL
Número de la Clasificación Decimal Universal 929(460)"19"
100 1# - ENTRADA PRINCIPAL--NOMBRE DE PERSONA
Nombre de persona Carabias, Josefina,
Fechas asociadas al nombre 1908-1980
9 (RLIN) 34924
245 10 - MENCIÓN DEL TÍTULO
Título Como yo los he visto
Resto del título : encuentros con Valle-Inclán, Unamuno, Baroja, Marañón, Pastora Imperio, Ramiro de Maeztu y Belmonte /
Mención de responsabilidad, etc. Josefina Carabias ; prólogo de Victoria Prego.
260 ## - PUBLICACIÓN, DISTRIBUCIÓN, ETC.
Lugar de publicación, distribución, etc. Madrid :
Nombre del editor, distribuidor, etc. El País :
-- Aguilar,
Fecha de publicación, distribución, etc. [1998]
300 ## - DESCRIPCIÓN FÍSICA
Extensión 223 p. ;
Dimensiones 24 cm.
599 ## - NOTA A LAS ILUSTRACIONES
NOTA A LAS ILUSTRACIONES En cub.: fot. de Valle-Inclán con Josefina Carabias.
650 04 - PUNTO DE ACCESO ADICIONAL DE MATERIA--TÉRMINO DE MATERIA
Término de materia o nombre geográfico como elemento de entrada Generación del 98 (Literatura)
9 (RLIN) 13051
650 #4 - PUNTO DE ACCESO ADICIONAL DE MATERIA--TÉRMINO DE MATERIA
Término de materia o nombre geográfico como elemento de entrada Escritores españoles-
Subdivisión cronológica S.XX-
Subdivisión general Anécdotas.
9 (RLIN) 154127
650 04 - PUNTO DE ACCESO ADICIONAL DE MATERIA--TÉRMINO DE MATERIA
Término de materia o nombre geográfico como elemento de entrada Españoles-
Subdivisión cronológica S.XX-
Subdivisión general Biografías.
9 (RLIN) 12480
700 1# - ENTRADA AGREGADA--NOMBRE PERSONAL
Nombre de persona Prego, Victoria.
9 (RLIN) 93746
852 ## - LOCALIZACIÓN
Ubicación ES-MaACL
Número de control de estantería L-21814
Holdings
Estatus retirado Estado de pérdida Estado de daño No para préstamo Biblioteca de origen Biblioteca actual Ubicación en estantería Fecha de adquisición Fuente de adquisición Total de préstamos Signatura topográfica completa Código de barras Visto por última vez Precio de reemplazo Tipo de ítem Koha
        Biblioteca del Ateneo de Madrid Biblioteca del Ateneo de Madrid Depósito 2 17/01/2008     L-21814 1014850 23/02/2023 23/02/2023 Libro impreso